Online Catalogue and eLibrary

Student in the : (Record no. 4506)

MARC details
000 -LEADER
fixed length control field 00477nam a2200193Ia 4500
005 - DATE AND TIME OF LATEST TRANSACTION
control field 20240731011633.0
008 - FIXED-LENGTH DATA ELEMENTS--GENERAL INFORMATION
fixed length control field 240331s9999 xx 000 0 und d
020 ## - INTERNATIONAL STANDARD BOOK NUMBER
ISBN 8120810163
082 ## - DDC Classification
Item Number - Author Mark PAN
Class No. 294
100 ## - MAIN ENTRY--PERSONAL NAME
Personal name Pande,G.C
245 #0 - TITLE STATEMENT
Title Student in the :
Remainder of title origins of Buddhism
260 ## - PUBLICATION, DISTRIBUTION, ETC.
Place of publication, distribution, etc. New Delhi
Name of publisher, distributor, etc. Motilal Banarsidass Publishers
Date of publication, distribution, etc. 1995
300 ## - PHYSICAL DESCRIPTION
Extent (e.g. Volumes, Pages etc.) xvi, 604 p .,
650 ## - SUBJECT ADDED ENTRY--TOPICAL TERM
Topical term or geographic name entry element History
650 ## - SUBJECT ADDED ENTRY--TOPICAL TERM
Topical term or geographic name entry element Buddhism
650 ## - SUBJECT ADDED ENTRY--TOPICAL TERM
Topical term or geographic name entry element Cultural
650 ## - SUBJECT ADDED ENTRY--TOPICAL TERM
Topical term or geographic name entry element Social
942 ## - Koha item type (Biblio)
Koha item type Books in Stacks (Lending)
Holdings
Lost status Damaged status Collection code Home library Current library Shelving location Date acquired Full call number Accession Number Item type
    Lending WERC Library WERC Library Social Science Cupboard 03/31/2024 294 PAN 6387 Books in Stacks (Lending)

© WERC Library